Flags evo - Statistics

General Stats
  • This quiz has been taken 4 times
  • The average score is 100 of 208
Answer Stats
Picture Answer % Correct
England
100%
African Union
75%
Argentina
75%
Australia
75%
Bangladesh
75%
Brazil
75%
California
75%
Canada
75%
Chile
75%
China
75%
Colombia
75%
Egypt
75%
European Union
75%
Florida
75%
France
75%
Germany
75%
Greece
75%
Greenland
75%
Hong Kong
75%
India
75%
Indonesia
75%
Iran
75%
Italy
75%
Japan
75%
Macau
75%
Mexico
75%
Netherlands
75%
New Zealand
75%
Nigeria
75%
North Korea
75%
Pakistan
75%
Philippines
75%
Poland
75%
Portugal
75%
Romania
75%
russia
75%
Saudi Arabia
75%
Scotland
75%
South Africa
75%
South Korea
75%
Spain
75%
Türkiye
75%
Ukraine
75%
United Kingdom
75%
United Nations
75%
United States
75%
Vietnam
75%
Wales
75%
Abkhazia
50%
Alaska
50%
Albania
50%
Algeria
50%
Amsterdam
50%
Andalusia
50%
Arab league
50%
Arizona
50%
Artsakh
50%
Austria
50%
Azerbaijan
50%
Basque Country
50%
Bavaria
50%
Belarus
50%
Belgium
50%
Berlin
50%
Bhutan
50%
Bosnia and Herzegovina
50%
Bulgaria
50%
Catalonia
50%
Ceuta
50%
Colorado
50%
Corsica
50%
Crimea
50%
Cyprus
50%
Czechia
50%
Democratic Republic of Congo
50%
Denmark
50%
Estonia
50%
Ethiopia
50%
Fiji
50%
Finland
50%
Flanders
50%
French Guiana
50%
Galicia
50%
Gibraltar
50%
Hawaii
50%
Hokkaido
50%
Hungary
50%
Iceland
50%
Illinois
50%
Iraq
50%
Ireland
50%
Isle of Man
50%
Israel
50%
Ivory Coast
50%
Jamaica
50%
Jordan
50%
Kazakhstan
50%
Kenya
50%
Kyiv
50%
Kyrgyzstan
50%
Lazio
50%
Lebanon
50%
Lithuania
50%
Lombardy
50%
London
50%
Moldova
50%
Morocco
50%
moscow
50%
Mozambique
50%
Myanmar
50%
NATO
50%
New York
50%
Niger
50%
Northern Cyprus
50%
Northern Ireland
50%
Norway
50%
Occitania
50%
Palestine
50%
Panama
50%
Papua New Guinea
50%
Peru
50%
Qatar
50%
Quebec
50%
San Marino
50%
Sardinia
50%
Sicily
50%
South Ossetia
50%
Sri Lanka
50%
Sweden
50%
Switzerland
50%
Taiwan
50%
Texas
50%
Tibet
50%
Tokyo
50%
Turkmenistan
50%
Uruguay
50%
Vatican
50%
Veneto
50%
Venezuela
50%
Wallonia
50%
Zanzibar
50%
Andorra
25%
Angola
25%
Armenia
25%
ASEAN
25%
Baden-Württemberg
25%
Benin
25%
Bolivia
25%
Botswana
25%
Bretagne
25%
Cameroon
25%
CAR
25%
Chernihiv oblast
25%
CIS
25%
Costa Rica
25%
Croatia
25%
Cuba
25%
Dominican Republic
25%
Donetsk oblast
25%
Ecuador
25%
Faroes
25%
Friesland
25%
Gabon
25%
Georgia
25%
Ghana
25%
Guatemala
25%
Guinea
25%
Honduras
25%
kaliningrad oblast
25%
Kharkiv oblast
25%
Kosovo
25%
krasnodar krai
25%
Kyiv oblast
25%
Laos
25%
Latvia
25%
Libya
25%
Liechtenstein
25%
Luxembourg
25%
Luxembourg (Belgium)
25%
Lviv oblast
25%
Madagascar
25%
Malaysia
25%
Mali
25%
Masovian Voivodeship
25%
Mongolia
25%
Namibia
25%
Nicaragua
25%
North Rhine-Westphalia
25%
Odesa oblast
25%
Paraguay
25%
Provence-Alpes-Côte d'Azur
25%
Senegal
25%
Serbia
25%
Sierra Leone
25%
Silesian Voivodeship
25%
Singapore
25%
Slovakia
25%
Sudan
25%
Suriname
25%
Syria
25%
Tanzania
25%
Tunisia
25%
UAE
25%
Uganda
25%
Uyguristan
25%
Yemen
25%
Zambia
25%
Zimbabwe
25%
No matching quizzes found
Score Distribution
Percent of People with Each Score
Percentile by Number Answered
Your Score History
You have not taken this quiz